000 00448nam a2200145Ia 4500
008 220217s9999||||xx |||||||||||||| ||und||
020 _a81-7808-347-7
082 _a005.131 HOP
100 _aHopcroft, John E, Motwani,Rajeev, Ullman,Jeffrey D
_9924
245 0 _aIntroduction to automata theory, languages, and computation
250 _a2nd
260 _aPearson education
_bDelhi
_c2004
300 _b295
650 _aPROGRAMMING LANGUAGE
999 _c171798
_d171798